000 00630nam a22002057a 4500
003 koha_MIRAKIL
005 20241017115309.0
008 231213b |||||||| |||| 00| 0 ||| d
020 _a9786054806393
040 _aTR-IsEVY
_btur
_cTR-IsEVY
082 _aFIC SIM/A
100 _aSimpson, Gönül
245 0 _aAstronot kutup ayısı /
_cGönül Simpson ; resimleyen Rıza Türker.
250 _a4. bs.
260 _bYeşil Dinozor Yayınları,
_c2017.
_aİstanbul:
300 _a[30] s. :
_brenkli resimli;
_c27 cm.
650 _aChildren's literature.
650 _aÇocuk edebiyatı
_vResimli Kitaplar.
942 _2ddc
_cBK
999 _c20905
_d20905